00695 2200253 4500001002100000005001700021008004100038035002400079082001100103090002100114100002700135245005100162250001100213260003200224300001800256650007600274850001500350980001500365985000600380986001000386999001500396999001500411999001500426YOGYA-0209000006365120090227040217.0 ind  0010-020900000063651 a297.63 a297.63bAla RlT aAlam, H. Sei Dt Tombak aRumah tanggaku surgakucoleh, H. Sei Dt Tombak aCet. 2 aJakartabRineka Ciptac1990 a59 hlmc21 cm aPerkawinan (Hukum Islam) - Rumah tangga dalam IslamxIslam dan keluarga aYOPDYOG(B) a05-09-2006 a3 aMrref a97P0094372 a97P0094373 a97P0094374